000 00570nam a2200205 i 4500
001 90162
003 ES-MaACL
005 20230906180352.0
007 t|
008 050119s1905 fr ||||1| fre d
100 1 _aLe Dantec, A.
_970864
245 1 0 _aPrécis de pathologie exotique /
_cpar A. Le Dantec.
250 _a2eme ed.
260 _aParis :
_bOctave Doin,
_c1905 (
_eEvreux :
_fCh. Herissey)
300 _aIII, 268 p. ;
_c18 cm.
490 1 _aCollection Testut
830 0 _aCollection Testut
_9181022
852 _aES-MaACL
_jF-2605
999 _c90162
_d90162